Pays frontalier de la russie - Statistiques

Statistiques générales
  • Ce quiz a été pris 65 fois
  • Le résultat moyen est 12 sur 14
Statistiques - réponses
Pays % Correct
Chine
98%
Ukraine
98%
Finlande
93%
Biélorussie
91%
Kazakhstan
91%
Estonie
90%
Mongolie
90%
Lettonie
88%
Lituanie
88%
Azerbaïdjan
84%
Géorgie
84%
Coréedunord
83%
Pologne
81%
Norvège
64%
Aucun quiz correspondant
Distribution des résultats
% des personnes avec chaque résultat
Percentile par nombre de réponses
Votre historique - résultats
Vous n’avez pas pris ce quiz